Score 0/80 Timer 07:00
0 Plays Today
Hint Answer % Correct
The Big Bang Theorythe
96.1%
The Jeffersonsthe
96.1%
SpongeBob SquarePantsa
96%
The Jeffersonsa
96%
Gilligan's Islanda
96%
Family Guya
96%
One Tree HillI
95.2%
Cheersyou
93.4%
Friendsyou
93.4%
True Bloodyou
93.4%
Friendsfor
91.9%
Gilligan's IslandFor
91.9%
Friendsbe
89.6%
Friendsthere
89.6%
One Tree Hillof
88%
The Jeffersonsof
88%
The Fresh Prince of Bel-Airof
88%
The Mary Tyler Moore Showto
87.9%
Sesame Streetto
87.9%
Sesame Streetto
87.9%
Full Houseto
87.5%
Full Houseto
87.4%
FriendsI'll
86.2%
Sesame Streetget
78.9%
Sesame StreetStreet
78.8%
Sesame StreetSesame
78.7%
Pokémonmy
76.6%
The Fresh Prince of Bel-Airmy
76.6%
Pokémonis
73.1%
The Beverly Hillbilliesis.
73.1%
The Fresh Prince of Bel-Airdays
71.1%
The Fresh Prince of Bel-Airmost
70.4%
Two and a Half MenMen
70.3%
Two and a Half Menmen
70.3%
Two and a Half Menmen
70.3%
Two and a Half Menmen,
70.3%
The Fresh Prince of Bel-Airspent
70.1%
True Bloodwith
67.7%
The Big Bang Theorywith
67.7%
The Big Bang Theorybig
67.4%
Hint Answer % Correct
The Big Bang Theorybang!
67.1%
SpongeBob SquarePantsand
65.3%
Family Guyfamily
62.5%
Family Guyguy!
61.6%
The Jeffersonspie
61.5%
The Jeffersonspiece
61.2%
Cheerscame
61.2%
Gilligan's Islandhour
60.9%
Gilligan's Islandthree
60.8%
Cheersglad
60.6%
Gilligan's Islandtour
60.4%
Cheersalways
59.9%
The Big Bang Theorystarted
59.8%
Cheersthey're
55.1%
The Beverly HillbilliesHills,
52.3%
The Beverly Hillbilliesthat
52%
SpongeBob SquarePantsfish!
50.8%
Full Houseon
49.7%
SpongeBob SquarePantslike
49.3%
SpongeBob SquarePantsflop
41.9%
Two and a Half Menmanly...
41.6%
The Mary Tyler Moore Showit
40.4%
Family Guythere's
40%
Full Household
39.4%
Family GuyLucky
38.6%
Pokémonthem
32.8%
True Blooddo
32.2%
Full Househand
29.6%
The Beverly HillbilliesSwimmin'
28.4%
The Beverly Hillbilliespools...
28.3%
The Mary Tyler Moore Showno
26.8%
The Mary Tyler Moore Showneed
26.1%
Pokémontrain
25.5%
Pokémoncause
23.9%
True Bloodthings
23.1%
True Bloodbad
22.4%
One Tree Hillhave
21.6%
One Tree Hillmind
20.6%
One Tree Hillpeace
17.2%
The Mary Tyler Moore Showwaste
11.1%
Remove Ads.
Support Sporcle.
Get the best of Sporcle when you Go Orange. This ad-free experience offers more features, more stats, and more fun while also helping to support Sporcle. Thank you for becoming a member.

You're not logged in!

Compare scores with friends on all Sporcle quizzes.
OR
Log In

Show Comments

Extras

Top Quizzes Today


Score Distribution

Your Account Isn't Verified!

In order to create a playlist on Sporcle, you need to verify the email address you used during registration. Go to your Sporcle Settings to finish the process.

Report this User

Report this user for behavior that violates our Community Guidelines.

Details: